[Event "Tres Cantos op 9th"]
[Site "Tres Cantos"]
[Date "2017.06.30"]
[Round "9"]
[White "Soto Martin, Miguel"]
[Black "Alfaya Marcelo, Roberto"]
[Result "1/2-1/2"]
[WhiteElo "1881"]
[BlackElo "2132"]
[PlyCount "56"]
[EventDate "2017.06.22"]
[EventType "swiss"]
[EventRounds "9"]
[EventCountry "ESP"]
[SourceTitle "EXT 2019"]
[Source "ChessBase"]
[SourceDate "2018.10.10"]
[SourceVersion "1"]
[SourceVersionDate "2018.10.10"]
[SourceQuality "1"]

1. d4 Nf6 2. Nf3 e6 3. c4 b6 4. g3 Bb7 5. Bg2 Bb4+ 6. Bd2 Bxd2+ 7. Qxd2 0-0 8. 0-0 d6 9. Nc3 Ne4 10. Qc2 Nxc3 11. Qxc3 Be4 12. Rfd1 Nd7 13. d5 e5 14. Nxe5 Bxg2 15. Nxd7 Qxd7 16. Kxg2 Rae8 17. Re1 Re5 18. e3 Rfe8 19. Re2 h5 20. h4 Qg4 21. f3 Qg6 22. Rae1 Qf6 23. e4 Qe7 24. Qd3 f5 25. Kf2 f4 26. gxf4 Qxh4+ 27. Ke3 g5 28. fxe5 Qf4+ 1/2-1/2

[Event "ESP-ch U14"]
[Site "Granada"]
[Date "2016.07.16"]
[Round "9"]
[White "Andrade Sandoval, Bianca"]
[Black "Soto Martin, Miguel"]
[Result "1-0"]
[WhiteElo "1793"]
[BlackElo "1918"]
[PlyCount "69"]
[EventDate "2016.07.11"]
[EventType "swiss"]
[EventRounds "9"]
[EventCountry "ESP"]
[SourceTitle "EXT 2024"]
[Source "ChessBase"]
[SourceDate "2023.10.10"]
[SourceVersion "1"]
[SourceVersionDate "2023.10.10"]
[SourceQuality "1"]

1. d4 Nf6 2. Nf3 g6 3. Bf4 Bg7 4. e3 0-0 5. Be2 d6 6. h3 Nfd7 7. Nbd2 e5 8. Bg3 Re8 9. dxe5 dxe5 10. 0-0 e4 11. Nd4 a6 12. c3 c5 13. N4b3 Nc6 14. Nc4 Re6 15. Nd6 Na5 16. Nxa5 Qxa5 17. Nxc8 Rxc8 18. Qxd7 Rd8 19. Qc7 Qxc7 20. Bxc7 Rd2 21. Bc4 Rc6 22. Bf4 b5 23. Rad1 Rxd1 24. Rxd1 Rc8 25. Be2 h5 26. Rd6 b4 27. Rxa6 bxc3 28. bxc3 Bxc3 29. Bc4 Rd8 30. Ra7 Rd1+ 31. Kh2 Rd2 32. Bxf7+ Kh8 33. Bg3 h4 34. Bxh4 g5 35. Bg3 1-0

[Event "ESP-ch U14"]
[Site "Granada"]
[Date "2016.07.13"]
[Round "5"]
[White "Gil Ojeda, Jorge"]
[Black "Soto Martin, Miguel"]
[Result "1-0"]
[WhiteElo "1719"]
[BlackElo "1918"]
[PlyCount "81"]
[EventDate "2016.07.11"]
[EventType "swiss"]
[EventRounds "9"]
[EventCountry "ESP"]
[SourceTitle "EXT 2024"]
[Source "ChessBase"]
[SourceDate "2023.10.10"]
[SourceVersion "1"]
[SourceVersionDate "2023.10.10"]
[SourceQuality "1"]

1. e4 c5 2. Nf3 d6 3. d4 cxd4 4. Nxd4 Nf6 5. Nc3 a6 6. Bg5 e6 7. f4 Be7 8. Qf3 Qc7 9. 0-0-0 Nbd7 10. g4 b5 11. Bxf6 Bxf6 12. g5 Bxd4 13. Rxd4 0-0 14. Bg2 Bb7 15. Rhd1 Nc5 16. a3 Rac8 17. Qe2 Rfd8 18. f5 Qe7 19. f6 Qc7 20. fxg7 e5 21. R4d2 Ne6 22. Bh3 Nf4 23. Qf3 Rb8 24. Bf5 Qe7 25. Qg3 Kxg7 26. Qh4 Ng6 27. Qh6+ Kg8 28. Ne2 b4 29. Ng3 Kh8 30. Nh5 Rg8 31. axb4 d5 32. Nf6 Rg7 33. Nxd5 Bxd5 34. Rxd5 Qxb4 35. Rd8+ Rg8 36. Rxg8+ Kxg8 37. b3 Qa3+ 38. Kd2 Rd8+ 39. Ke2 Nf4+ 40. Kf3 Rxd1 41. Bxh7+ 1-0

[Event "ESP-ch U14"]
[Site "Granada"]
[Date "2016.07.13"]
[Round "4"]
[White "Soto Martin, Miguel"]
[Black "Garcia Escoda, Marc"]
[Result "1/2-1/2"]
[WhiteElo "1918"]
[BlackElo "1686"]
[PlyCount "102"]
[EventDate "2016.07.11"]
[EventType "swiss"]
[EventRounds "9"]
[EventCountry "ESP"]
[SourceTitle "EXT 2024"]
[Source "ChessBase"]
[SourceDate "2023.10.10"]
[SourceVersion "1"]
[SourceVersionDate "2023.10.10"]
[SourceQuality "1"]

1. e4 d5 2. exd5 Nf6 3. Nf3 Nxd5 4. d4 Bg4 5. Bc4 e6 6. 0-0 Be7 7. Be2 c6 8. c4 Nf6 9. Nc3 0-0 10. Be3 Qa5 11. a3 Qf5 12. h3 Bxf3 13. Bxf3 Rd8 14. Qb3 Rd7 15. Rad1 Na6 16. Qa4 Nc7 17. b4 a6 18. Be2 e5 19. g4 Qe6 20. g5 exd4 21. gxf6 Qxf6 22. Ne4 Qe6 23. Ng3 dxe3 24. Bg4 exf2+ 25. Kg2 Rxd1 26. Bxe6 Rxf1 27. Bxf7+ Kxf7 28. Nxf1 Kg8 29. Qa5 Bd6 30. Qb6 Rb8 31. Qxf2 Ne6 32. Qe3 Re8 33. Kh1 Bf4 34. Qb6 Re7 35. Qf2 Rd7 36. Qe2 Nf8 37. Qe4 Rf7 38. Kg2 Rf6 39. Qe7 Rf7 40. Qd8 Bc7 41. Qd4 Bf4 42. Ng3 Bxg3 43. Kxg3 Rf6 44. a4 Kh8 45. Qd8 Kg8 46. h4 Rf7 47. h5 Rd7 48. Qg5 h6 49. Qe5 Rf7 50. Qb8 Kh7 51. Kg4 g6 1/2-1/2

[Event "ESP-ch U14"]
[Site "Granada"]
[Date "2016.07.11"]
[Round "1"]
[White "Doblado Munoz, Alejandro"]
[Black "Soto Martin, Miguel"]
[Result "0-1"]
[WhiteElo "1458"]
[BlackElo "1918"]
[PlyCount "47"]
[EventDate "2016.07.11"]
[EventType "swiss"]
[EventRounds "9"]
[EventCountry "ESP"]
[SourceTitle "EXT 2024"]
[Source "ChessBase"]
[SourceDate "2023.10.10"]
[SourceVersion "1"]
[SourceVersionDate "2023.10.10"]
[SourceQuality "1"]

1. e4 c5 2. Nf3 d6 3. d4 cxd4 4. Nxd4 Nf6 5. Nc3 a6 6. Be2 e5 7. Nb3 Be7 8. Bg5 0-0 9. Qd2 b5 10. Nb1 Bb7 11. Bxf6 Bxf6 12. 0-0 Nd7 13. Kh1 Rc8 14. Bg4 Kh8 15. f4 exf4 16. Qd1 Ra8 17. Bxd7 Bc8 18. c3 Kg8 19. Nd4 g6 20. Nf3 Re8 21. Ng1 Kg7 22. b3 Rh8 23. h3 b4 24. cxb4 0-1

[Event "ESP-chT Regional U14"]
[Site "Padron"]
[Date "2016.06.26"]
[Round "6.12"]
[White "Buitron Ramil, David"]
[Black "Soto Martin, Miguel"]
[Result "0-1"]
[WhiteElo "1827"]
[BlackElo "1902"]
[PlyCount "52"]
[EventDate "2016.06.23"]
[EventType "team-swiss"]
[EventRounds "6"]
[EventCountry "ESP"]
[SourceTitle "EXT 2017"]
[Source "ChessBase"]
[SourceDate "2016.10.25"]
[SourceVersion "1"]
[SourceVersionDate "2016.10.25"]
[SourceQuality "1"]
[WhiteTeam "Galicia"]
[BlackTeam "Madrid"]
[WhiteTeamCountry "ESP"]
[BlackTeamCountry "ESP"]

1. e4 c5 2. Nf3 d6 3. d4 cxd4 4. Nxd4 Nf6 5. Nc3 a6 6. Bg5 e6 7. f4 Be7 8. Qf3 Qc7 9. g4 Nbd7 10. 0-0-0 b5 11. Bxf6 Bxf6 12. g5 Bxd4 13. Rxd4 0-0 14. Bh3 Bb7 15. Rg1 Nc5 16. Qg3 Rac8 17. Qf2 Qb6 18. Qd2 Nxe4 19. Nxe4 Bxe4 20. c3 b4 21. Rg3 d5 22. Bf1 Qa5 23. Qe1 bxc3 24. Rxc3 Qxa2 25. Rb4 Rxc3+ 26. Qxc3 Qb1+ 0-1

[Event "Madrid-ch U14"]
[Site "Madrid"]
[Date "2016.04.24"]
[Round "6"]
[White "Soto Martin, Miguel"]
[Black "Lianes Garcia, Marcos"]
[Result "1/2-1/2"]
[WhiteElo "1884"]
[BlackElo "2221"]
[PlyCount "91"]
[EventDate "2016.04.16"]
[EventType "tourn"]
[EventRounds "7"]
[EventCountry "ESP"]
[SourceTitle "CBM 172 Extra"]
[Source "ChessBase"]
[SourceDate "2016.06.21"]
[SourceVersion "1"]
[SourceVersionDate "2016.06.21"]
[SourceQuality "1"]

1. e4 c5 2. Nf3 g6 3. d4 Bg7 4. dxc5 Qa5+ 5. Bd2 Qxc5 6. Nc3 Nf6 7. Bd3 d6 8. h3 a6 9. 0-0 0-0 10. Qe1 Nbd7 11. Be3 Qc7 12. Bd4 e5 13. Be3 b5 14. Qd2 Bb7 15. Rfe1 Nc5 16. Bg5 Ne6 17. Bxf6 Bxf6 18. a3 Rad8 19. Bf1 Nd4 20. Nxd4 exd4 21. Na2 d5 22. exd5 Rxd5 23. Nb4 Rc5 24. Rac1 Bg5 25. Qxd4 Bxc1 26. Rxc1 a5 27. Nd3 Rxc2 28. Rxc2 Qxc2 29. Ne5 Qe4 30. Qxe4 Bxe4 31. Nd7 Bc6 32. Nxf8 Kxf8 33. f4 Ke7 34. Kf2 Kd6 35. Ke3 Kc5 36. g4 Bd5 37. Bd3 Bc4 38. g5 a4 39. Bc2 Be6 40. h4 Bf5 41. Bxf5 gxf5 42. Kd3 Kd5 43. h5 Kc5 44. Kc3 Kd5 45. Kd3 Kc5 46. Kc3 1/2-1/2

[Event "Collado Villalba op-B 32nd"]
[Site "Collado Villalba"]
[Date "2015.08.25"]
[Round "4"]
[White "Soto Martin, Miguel"]
[Black "Fernandez Martinez, Luis"]
[Result "1-0"]
[WhiteElo "1716"]
[BlackElo "1944"]
[PlyCount "67"]
[EventDate "2015.08.22"]
[EventType "swiss"]
[EventRounds "9"]
[EventCountry "ESP"]
[SourceTitle "EXT 2016"]
[Source "ChessBase"]
[SourceDate "2015.10.08"]
[SourceVersion "1"]
[SourceVersionDate "2015.10.08"]
[SourceQuality "1"]

1. d4 f5 2. g3 Nf6 3. Bg2 d5 4. Nh3 Nbd7 5. Nf4 Nb6 6. 0-0 c6 7. Nd2 g6 8. Nf3 Bh6 9. Nd3 Bxc1 10. Qxc1 0-0 11. Nfe5 Nbd7 12. h4 Nxe5 13. Nxe5 Be6 14. Bf3 Bf7 15. Qh6 Qe8 16. Kg2 Kh8 17. Rh1 Rg8 18. Qg5 h5 19. Qh6+ Nh7 20. e3 Rg7 21. Be2 Rd8 22. b4 Rd6 23. a4 g5 24. Nxf7+ Qxf7 25. Qxh5 Qxh5 26. Bxh5 g4 27. c4 Nf6 28. c5 Rd8 29. b5 Nxh5 30. Rhb1 e6 31. a5 Rdd7 32. a6 Nf6 33. b6 axb6 34. a7 1-0

[Event "Madrid San Viator op 23rd"]
[Site "Madrid"]
[Date "2014.11.02"]
[Round "6"]
[White "Soto Martin, Miguel"]
[Black "Rodriguez Valero, Martin Jose"]
[Result "1-0"]
[WhiteElo "1658"]
[BlackElo "1814"]
[PlyCount "47"]
[EventDate "2014.09.28"]
[EventType "swiss"]
[EventRounds "9"]
[EventCountry "ESP"]
[SourceTitle "EXT 2016"]
[Source "ChessBase"]
[SourceDate "2015.10.08"]
[SourceVersion "1"]
[SourceVersionDate "2015.10.08"]
[SourceQuality "1"]

1. d4 e6 2. Nf3 f5 3. g3 Nf6 4. Nbd2 d5 5. Ne5 Bd6 6. Ndf3 0-0 7. Bg2 c5 8. c3 Nc6 9. Bf4 cxd4 10. cxd4 Ne4 11. 0-0 Nxe5 12. Bxe5 Bxe5 13. Nxe5 Bd7 14. Bxe4 dxe4 15. Qb3 Bc8 16. Rfd1 Qd6 17. Rac1 g5 18. Rc4 f4 19. Rdc1 b6 20. gxf4 gxf4 21. Qh3 Qe7 22. Rc7 Qg5+ 23. Kh1 Qf5 24. Qg2+ 1-0

[Event "Madrid-ch"]
[Site "Madrid"]
[Date "2014.02.28"]
[Round "8"]
[White "Soto Martin, Miguel"]
[Black "Hernandez del Can, Jose Alberto"]
[Result "0-1"]
[WhiteElo "1645"]
[BlackElo "1717"]
[PlyCount "98"]
[EventDate "2014.02.06"]
[EventType "swiss"]
[EventRounds "9"]
[EventCountry "ESP"]
[SourceTitle "CBM 159 Extra"]
[Source "ChessBase"]
[SourceDate "2014.04.24"]
[SourceVersion "1"]
[SourceVersionDate "2014.04.24"]
[SourceQuality "1"]

1. d4 Nf6 2. Nf3 g6 3. g3 Bg7 4. Bg2 c6 5. 0-0 d5 6. Ne5 0-0 7. c4 e6 8. Nc3 Nfd7 9. f4 f6 10. Nf3 dxc4 11. Nd2 Nb6 12. e3 e5 13. dxe5 fxe5 14. Na4 Nxa4 15. Qxa4 b5 16. Qc2 exf4 17. exf4 Qd3 18. Qxd3 cxd3 19. Rd1 Bg4 20. Nf3 Rd8 21. Rd2 Bxf3 22. Bxf3 Bd4+ 23. Kg2 Be3 24. Rd1 d2 25. b4 Na6 26. Bb2 Nxb4 27. Bc3 Nd5 28. Bxd2 Bxd2 29. Rxd2 Ne3+ 30. Kf2 Rxd2+ 31. Kxe3 Rxh2 32. Bxc6 Rb8 33. Rb1 a6 34. g4 Rc8 35. Bb7 Rc3+ 36. Ke4 Ra3 37. Rc1 Re2+ 38. Kd4 Re7 39. Bd5+ Kg7 40. Bb3 a5 41. Rc8 a4 42. Rg8+ Kh6 43. g5+ Kh5 44. Bd1+ Kh4 45. Kc5 Re1 46. Bc2 Rc3+ 47. Kxb5 Rxc2 48. Kxa4 Rxa2+ 49. Kb3 Rf2 0-1

[Event "Madrid-ch"]
[Site "Madrid"]
[Date "2014.02.14"]
[Round "4"]
[White "Soto Martin, Miguel"]
[Black "Barragan Arriaza, Pablo"]
[Result "0-1"]
[WhiteElo "1645"]
[BlackElo "1361"]
[PlyCount "138"]
[EventDate "2014.02.06"]
[EventType "swiss"]
[EventRounds "9"]
[EventCountry "ESP"]
[SourceTitle "CBM 159 Extra"]
[Source "ChessBase"]
[SourceDate "2014.04.24"]
[SourceVersion "1"]
[SourceVersionDate "2014.04.24"]
[SourceQuality "1"]

1. d4 d5 2. Nf3 c6 3. c4 Nf6 4. Nbd2 Bf5 5. e3 e6 6. Qb3 Qc7 7. Bd3 Bxd3 8. Qxd3 g6 9. b3 Bg7 10. Ba3 Nbd7 11. e4 dxe4 12. Nxe4 Nxe4 13. Qxe4 Qa5+ 14. Nd2 Qxa3 15. 0-0 Qd6 16. Nf3 0-0 17. Rad1 Nf6 18. Qh4 Rad8 19. Ne5 Nh5 20. Nf3 Rfe8 21. Qg4 Qf4 22. Qxf4 Nxf4 23. Rfe1 b6 24. g3 Nh5 25. g4 Nf6 26. h3 c5 27. dxc5 bxc5 28. Ne5 Rxd1 29. Rxd1 Ne4 30. Nc6 Nc3 31. Rd2 a6 32. b4 cxb4 33. Nxb4 Rc8 34. Nxa6 Rxc4 35. Nb8 Nd5 36. Nd7 Rc7 37. Nb8 Rb7 38. Na6 Rb2 39. Rxb2 Bxb2 40. Nc5 Nb6 41. a4 Bc3 42. Kf1 Kf8 43. Ke2 Ke7 44. Kd3 Be1 45. Ke2 Kd6 46. Ne4+ Ke5 47. Ng5 f6 48. Nf3+ Kd5 49. Nxe1 Nxa4 50. Kf3 g5 51. Ke3 f5 52. Nf3 f4+ 53. Kd3 Nc5+ 54. Ke2 h6 55. h4 Ne4 56. h5 Nf6 57. Nh2 e5 58. f3 e4 59. Nf1 e3 60. Nh2 Kd4 61. Nf1 Nd5 62. Nh2 Nc3+ 63. Ke1 Kd3 64. Nf1 Ne2 65. Kd1 Nd4 66. Nh2 e2+ 67. Ke1 Ke3 68. Nf1+ exf1Q+ 69. Kxf1 Kxf3 0-1

[Event "Madrid-ch"]
[Site "Madrid"]
[Date "2014.02.07"]
[Round "2"]
[White "Soto Martin, Miguel"]
[Black "Barria Arbunic, Manuel"]
[Result "1/2-1/2"]
[WhiteElo "1645"]
[BlackElo "1577"]
[PlyCount "94"]
[EventDate "2014.02.06"]
[EventType "swiss"]
[EventRounds "9"]
[EventCountry "ESP"]
[SourceTitle "CBM 159 Extra"]
[Source "ChessBase"]
[SourceDate "2014.04.24"]
[SourceVersion "1"]
[SourceVersionDate "2014.04.24"]
[SourceQuality "1"]

1. d4 Nf6 2. Nf3 e6 3. c4 c5 4. Nc3 g6 5. Bg5 Bg7 6. e4 cxd4 7. Nxd4 h6 8. Bh4 Qc7 9. Bg3 Qd8 10. Ndb5 Na6 11. Nd6+ Kf8 12. Qf3 Qe7 13. Ncb5 Kg8 14. Nxa7 Rxa7 15. Nxc8 Qb4+ 16. Qc3 Qxc3+ 17. bxc3 Nxe4 18. Rc1 Ra8 19. Nb6 Nxg3 20. hxg3 Rd8 21. Be2 Nc5 22. 0-0 Ne4 23. Na4 Ra8 24. Bd1 Rc8 25. Bf3 Nd2 26. Rfd1 Nxf3+ 27. gxf3 Rxc4 28. Nb6 Rxc3 29. Rxc3 Bxc3 30. Rxd7 Kg7 31. Rxb7 Rd8 32. Rd7 Rxd7 33. Nxd7 f5 34. Nc5 Kf7 35. Kg2 Ke7 36. Nd3 Kd6 37. g4 Bd2 38. Kg3 e5 39. gxf5 gxf5 40. f4 exf4+ 41. Nxf4 Kc5 42. Ng2 Kb4 43. Ne3 Kc3 44. Kf3 h5 45. Kg3 Be1 46. Kf3 Kb2 47. Nxf5 Kxa2 1/2-1/2

[Event "Madrid San Viator op 21st"]
[Site "Madrid"]
[Date "2013.10.20"]
[Round "5"]
[White "Soto Martin, Miguel"]
[Black "Linares Leyva, David"]
[Result "1-0"]
[WhiteElo "1588"]
[BlackElo "1852"]
[PlyCount "63"]
[EventDate "2013.09.29"]
[EventType "swiss"]
[EventRounds "9"]
[EventCountry "ESP"]
[SourceTitle "EXT 2015"]
[Source "ChessBase"]
[SourceDate "2014.11.20"]
[SourceVersion "1"]
[SourceVersionDate "2014.11.20"]
[SourceQuality "1"]

1. d4 Nf6 2. Nf3 d5 3. c4 e6 4. e3 Be7 5. Bd3 0-0 6. 0-0 Nbd7 7. Qe2 b6 8. Nbd2 Bb7 9. b3 c5 10. Bb2 Rc8 11. Rac1 cxd4 12. Bxd4 Ba3 13. Rc2 Nc5 14. Bxc5 Bxc5 15. e4 dxe4 16. Nxe4 Nxe4 17. Bxe4 Bxe4 18. Qxe4 Qf6 19. Rd2 Rfd8 20. Rfd1 Rxd2 21. Rxd2 Rd8 22. Qe2 Qa1+ 23. Ne1 Rxd2 24. Qxd2 g6 25. g3 Bd4 26. Kf1 Kg7 27. h4 Bc3 28. Qe2 h5 29. f3 Kf8 30. a4 Qb1 31. Qe4 Bxe1 32. Qxb1 1-0

[Event "Madrid San Viator op 21st"]
[Site "Madrid"]
[Date "2013.10.06"]
[Round "2"]
[White "Barahona Torrijos, Angel"]
[Black "Soto Martin, Miguel"]
[Result "1-0"]
[WhiteElo "1867"]
[BlackElo "1588"]
[PlyCount "81"]
[EventDate "2013.09.29"]
[EventType "swiss"]
[EventRounds "9"]
[EventCountry "ESP"]
[SourceTitle "EXT 2015"]
[Source "ChessBase"]
[SourceDate "2014.11.20"]
[SourceVersion "1"]
[SourceVersionDate "2014.11.20"]
[SourceQuality "1"]

1. e4 c5 2. a3 g6 3. d4 Bg7 4. c3 cxd4 5. cxd4 d6 6. Bc4 Nf6 7. Nc3 0-0 8. Nf3 Qc7 9. Ba2 Bg4 10. Be3 Nc6 11. Rc1 Qa5 12. 0-0 Nd7 13. Ne2 Qh5 14. Nf4 Qb5 15. Qd2 Bxf3 16. gxf3 e5 17. Bc4 Qa5 18. Ne6 Qxd2 19. Bxd2 fxe6 20. Bxe6+ Kh8 21. Bxd7 Nxd4 22. Be3 Ne2+ 23. Kg2 Nxc1 24. Rxc1 Rf7 25. Be6 Rf6 26. Bd5 Raf8 27. Bxa7 Rxf3 28. Rc7 b5 29. Rb7 Bh6 30. Rxb5 Bg5 31. Rb8 Kg7 32. Rxf8 Rxf8 33. a4 Bd2 34. Bb6 Rb8 35. a5 Kf6 36. b3 Ke7 37. Ba7 Rb5 38. a6 Kd8 39. Bc4 Rb4 40. Bb6+ Kc8 41. a7 1-0